Národní informační středisko: Informace pro každého
Úlohy a činnosť Národného informačného strediska (NIS) ako súčasti Štátneho informačného strediska (SIS). Podpora malého a stredného podnikania v rámci siete regionálnych poradenských informačných centier (RPIC). Činnosť strediska EUROINFO, ktoré je poradenským miestom pre program PHARE. Služby vere...
Na minha lista:
| Autor principal: | |
|---|---|
| Formato: | Capítulo de Livro |
| Idioma: | tcheco |
| Assuntos: | |
| Tags: |
Sem tags, seja o primeiro a adicionar uma tag!
|
MARC
| LEADER | 00000naa a2200000 4500 | ||
|---|---|---|---|
| 001 | r000487 | ||
| 005 | 20221213081944.2 | ||
| 041 | 0 | |a cze | |
| 044 | |a CZ | ||
| 245 | 1 | 0 | |a Národní informační středisko: Informace pro každého |c M. Polívka |
| 520 | |a Úlohy a činnosť Národného informačného strediska (NIS) ako súčasti Štátneho informačného strediska (SIS). Podpora malého a stredného podnikania v rámci siete regionálnych poradenských informačných centier (RPIC). Činnosť strediska EUROINFO, ktoré je poradenským miestom pre program PHARE. Služby verejnosti v rámci databázového centra. Faktografické informácie. Sprístupňovanie a tvorba informačných súborov a databáz. Referenčné služby NIS. | ||
| 610 | 2 | 0 | |a NIS |
| 610 | 2 | 0 | |a Česko |
| 610 | 2 | 0 | |a služby informačné |
| 610 | 2 | 0 | |a strediská informačné |
| 610 | 2 | 0 | |a EUROINFO |
| 610 | 2 | 0 | |a báza dát |
| 100 | 1 | |a Polívka, M. | |